Crossword - "D" Words - Statistics

General Stats
  • This quiz has been taken 6,217 times
    4,097 since last reset
  • The average score is 27 of 37
Answer Stats
A/D Clue Answer % Correct
3. Across Father (3) Dad
99%
12. Across Not alive (4) Dead
98%
18. Down Pet canine (3) Dog
93%
20. Across Opening to a building (4) Door
92%
16. Across Small round mark; '.' (3) Dot
91%
26. Across Mythical fire-breathing creature (6) Dragon
91%
15. Across A pair of people (3) Duo
89%
13. Down Made a hole in the ground (3) Dug
86%
18. Across Extinct Mauritian birds (5) Dodos
84%
21. Down Peaceful birds, seen with olive branch (5) Doves
84%
9. Across Talk about a topic (7) Discuss
83%
25. Across Plunging head first into water (6) Diving
83%
11. Across Eat a meal (4) Dine
80%
3. Down Sharp missiles thrown at board, game (5) Darts
79%
23. Down Old-fashioned; went out with someone (5) Dated
78%
17. Across Animal excrement; ___ beetle (4) Dung
78%
22. Down Challenged to do something (5) Dared
77%
27. Across Demolish or knock down (7) Destroy
77%
24. Down Qatar capital (4) Doha
75%
10. Across Areas with no precipitation (7) Deserts
72%
5. Down Sudden, catastrophic events (9) Disasters
72%
12. Down Avoiding by quick movements (7) Dodging
72%
16. Down Separated into parts (7) Divided
71%
19. Down Remove liquid from something (5) Drain
71%
14. Across Female first name (5) Diane
68%
2. Down Soaked or wet thoroughly (8) Drenched
68%
4. Across Coloured through a process (4) Dyed
67%
4. Down Australian instrument (10) Didgeridoo
66%
8. Across Brief immersions, or sauces (4) Dips
66%
21. Across Wanted or wished for (7) Desired
64%
24. Across Renowned female singer (4) Diva
64%
28. Across Harmed or impaired (7) Damaged
57%
1. Down Deciphered a riddle or enigma (7) Decoded
55%
7. Across Give details about something (8) Describe
55%
1. Across Legal documents (5) Deeds
53%
Mystery Word Decreasing
33%
6. Down Discourage or prevent (5) Deter
33%
No matching quizzes found
Score Distribution
Percent of People with Each Score
Percentile by Number Answered
Your Score History
You have not taken this quiz since the last reset